000 00412nam a2200133Ia 4500
008 100328s9999 xx 000 0 und d
082 _b61851
100 _aदेशमुख भास्कर.
245 _aअलौकिक स्त्री.
260 _bनंदादीप.
630 _aअलौकिक स्त्री.
730 _aअलौकिक स्त्री.
942 _cBOOK
999 _c547909
_d547906